[Event "Sparkassen-Open A"]
[Site "Heusenstamm, Martinsee"]
[Date "2017.11.26"]
[Round "6.44"]
[White "Rendboe, John Filip"]
[Black "Musiolik, David"]
[Result "1/2-1/2"]
[WhiteElo "2127"]
[BlackElo "1958"]
[PlyCount "106"]
[EventDate "2017.??.??"]
[WhiteTeam "Aarhus/Skolerne"]
[BlackTeam "SC Ramstein"]

1. c4 e6 2. d4 d5 3. Nc3 Be7 4. Nf3 Nf6 5. cxd5 exd5 6. Qc2 Na6 7. a3 c6 8. Bg5
Nc7 9. e3 Ne6 10. Bh4 O-O 11. Bd3 g6 12. O-O Ng7 13. b4 Bf5 14. b5 cxb5 15.
Nxb5 Ne4 16. Bxe7 Qxe7 17. Rfc1 Rac8 18. Qb3 a6 19. Nc3 Nxc3 20. Rxc3 Rxc3 21.
Qxc3 Rc8 22. Qb3 Bxd3 23. Qxd3 Qc7 24. Ne5 f6 25. Nf3 Qc4 26. Qd1 Ne6 27. h3 b5
28. Ne1 a5 29. Rb1 b4 30. axb4 axb4 31. Nd3 Rb8 32. Qb3 Qb5 33. Qxb4 Qxb4 34.
Rxb4 Rxb4 35. Nxb4 Nc7 36. f3 Kf7 37. Kf2 f5 38. e4 fxe4 39. fxe4 dxe4 40. Ke3
Ke6 41. Kxe4 Ne8 42. Kf4 h6 43. g4 g5+ 44. Ke4 Nf6+ 45. Kf3 Kd6 46. Ke3 h5 47.
gxh5 Nxh5 48. Ke4 Ke6 49. d5+ Kd6 50. Kf5 Nf4 51. Kxg5 Nxh3+ 52. Kf5 Nf2 53.
Kf4 Nd3+ 1/2-1/2

[Event "Sparkassen-Open A"]
[Site "Heusenstamm, Martinsee"]
[Date "2017.11.26"]
[Round "6.45"]
[White "Klundt, Klaus"]
[Black "Müdder, Melanie"]
[Result "1-0"]
[WhiteElo "2332"]
[BlackElo "1737"]
[PlyCount "65"]
[EventDate "2017.??.??"]
[WhiteTeam "SC Heusenstamm"]
[BlackTeam "SG Solingen"]

1. e4 c5 2. Nf3 Nc6 3. Nc3 g6 4. d4 cxd4 5. Nxd4 Bg7 6. Be3 Nf6 7. Bc4 O-O 8.
Bb3 Re8 9. O-O d6 10. h3 a6 11. f4 Nxd4 12. Bxd4 e5 13. fxe5 dxe5 14. Be3 Be6
15. Qf3 Qc7 16. Rad1 b5 17. Bg5 Qa7+ 18. Kh1 Nh5 19. Nd5 Rac8 20. c3 Rc6 21. g4
Nf4 22. Bxf4 exf4 23. Qxf4 Bxd5 24. Bxd5 Rf6 25. Qd2 Qe7 26. Kg2 Rf8 27. Qe2 h5
28. gxh5 gxh5 29. Rxf6 Qxf6 30. Qxh5 Qf4 31. Rf1 Qc7 32. Kh1 Qe7 33. Rf5 1-0

[Event "Sparkassen-Open A"]
[Site "Heusenstamm, Martinsee"]
[Date "2017.11.26"]
[Round "6.46"]
[White "Olesiak, Marcin"]
[Black "Rutsatz, Mario"]
[Result "1-0"]
[WhiteElo "2059"]
[BlackElo "1996"]
[PlyCount "124"]
[EventDate "2017.??.??"]
[WhiteTeam "SV Oberursel"]
[BlackTeam "SF Frankfurt"]

1. d4 Nf6 2. Nf3 g6 3. g3 Bg7 4. Bg2 O-O 5. c4 c6 6. O-O d6 7. Nc3 Qa5 8. Qb3
Nbd7 9. e4 e5 10. d5 cxd5 11. cxd5 Nc5 12. Qc2 b5 13. b4 Qxb4 14. Rb1 Qc4 15.
Nd2 Qd3 16. Qxd3 Nxd3 17. Nxb5 Bd7 18. Ba3 Rfc8 19. Nxd6 Rc2 20. N2c4 Ng4 21.
Bh3 Ndxf2 22. Rxf2 Nxf2 23. Bxd7 Rd8 24. Ba4 Nh3+ 25. Kh1 Rxa2 26. Rb2 Rxa3 27.
Nxa3 Rxd6 28. Rb8+ Bf8 29. Nc4 Nf2+ 30. Kg2 Nxe4 31. Nxd6 Nxd6 32. Ra8 Kg7 33.
Rxa7 h5 34. Kf3 Kf6 35. Bc2 Kg7 36. Bd3 Kf6 37. Rd7 Be7 38. Ke3 Bf8 39. Kf3 Be7
40. h3 Bf8 41. g4 hxg4+ 42. hxg4 g5 43. Ke3 Be7 44. Be2 Ne8 45. Kd3 Nd6 46. Bf3
Bf8 47. Ra7 Kg7 48. Be4 Nb5 49. Ra6 Nd6 50. Ra1 Nb5 51. Rf1 Nd6 52. Bf5 Be7 53.
Ra1 Kf6 54. Kc2 Nxf5 55. Rf1 Kg7 56. Rxf5 f6 57. Kd3 Kf7 58. Rf1 Ke8 59. Ra1
Kd7 60. Ke4 Kd6 61. Ra6+ Kd7 62. Re6 Bd8 1-0

[Event "Sparkassen-Open A"]
[Site "Heusenstamm, Martinsee"]
[Date "2017.11.26"]
[Round "6.47"]
[White "Tremöhlen, Thomas"]
[Black "Hahn, Florian"]
[Result "0-1"]
[WhiteElo "1978"]
[BlackElo "2141"]
[PlyCount "90"]
[EventDate "2017.??.??"]
[WhiteTeam "SG Kaarst"]
[BlackTeam "SC Herborn"]

1. d4 Nf6 2. Bf4 g6 3. Nc3 d5 4. e3 Bg7 5. h4 h6 6. Be2 c6 7. Qd2 Nbd7 8. O-O-O
b5 9. Bxb5 cxb5 10. Nxb5 O-O 11. Bc7 Qe8 12. Ba5 Nb6 13. Nc7 Qc6 14. Nxa8 Qxa8
15. Bxb6 axb6 16. f3 Qxa2 17. Qb4 Qa7 18. Ne2 h5 19. Kd2 Qc7 20. Ra1 Bf5 21. c3
e5 22. Ra6 Nd7 23. Qa4 exd4 24. cxd4 b5 25. Qb3 Nb6 26. Ke1 Nc4 27. Kf2 Bh6 28.
f4 Qe7 29. Ng3 Bc2 30. Qc3 b4 31. Qe1 Bg7 32. Qc1 b3 33. Rh3 Re8 34. Nf1 Bf5
35. Rh2 Rc8 36. Kg1 Bd3 37. Rh3 Nb6 38. Qa1 Bxa6 39. Qxa6 Qc7 40. Qb5 Rb8 41.
Qxb3 Nc4 42. Qa2 Qb7 43. f5 Qxb2 44. Qa7 Qb7 45. Qa2 Qb1 0-1

[Event "Sparkassen-Open A"]
[Site "Heusenstamm, Martinsee"]
[Date "2017.11.26"]
[Round "6.48"]
[White "Schmidt, Max"]
[Black "Heindrich, Mark"]
[Result "1/2-1/2"]
[WhiteElo "1992"]
[BlackElo "2134"]
[PlyCount "107"]
[EventDate "2017.??.??"]
[WhiteTeam "Frankfurter TV"]
[BlackTeam "TuS Dotzheim"]

1. e4 e5 2. Nf3 Nc6 3. d4 exd4 4. Bc4 Nf6 5. e5 d5 6. Bb5 Ne4 7. Nxd4 Bd7 8.
Bxc6 bxc6 9. O-O Bc5 10. Be3 Qe7 11. f3 Ng5 12. f4 Ne4 13. Nd2 Nd6 14. Re1 Nf5
15. Nxf5 Bxf5 16. Nb3 Bb6 17. Qd2 O-O 18. Qc3 Qd7 19. Nc5 Bxc5 20. Bxc5 Rfe8
21. b4 Be4 22. Qd2 Qf5 23. c3 Re6 24. Re3 Qxf4 25. Rf1 Qh4 26. Rg3 Rh6 27. Rh3
Qxh3 28. gxh3 Rg6+ 29. Kf2 Rg2+ 30. Ke3 Rxd2 31. Kxd2 a6 32. Rg1 Re8 33. Ke3
Bg6 34. Kf4 f6 35. Re1 Re6 36. Re3 Be4 37. exf6 Rxf6+ 38. Ke5 Kf7 39. Rg3 Rf5+
40. Kd4 Rf2 41. a4 Ra2 42. a5 Rxh2 43. Ba7 Ke6 44. Bb8 Kd6 45. Rxg7 Rxh3 46.
Bxc7+ Ke6 47. Rg3 Rxg3 48. Bxg3 Kf5 49. Ke3 Kg4 50. Kf2 h5 51. Bd6 h4 52. Kg1
Kf3 53. Kh2 Bf5 54. Be7 1/2-1/2

[Event "Sparkassen-Open A"]
[Site "Heusenstamm, Martinsee"]
[Date "2017.11.26"]
[Round "6.49"]
[White "Schmitt, Carsten"]
[Black "Meiser, Markus"]
[Result "1/2-1/2"]
[WhiteElo "1962"]
[BlackElo "2117"]
[PlyCount "51"]
[EventDate "2017.??.??"]
[WhiteTeam "SV Bergwinkel"]
[BlackTeam "Sges Bensheim"]

1. c4 c6 2. g3 d5 3. Bg2 Nf6 4. Nf3 g6 5. b3 Bg7 6. Bb2 O-O 7. O-O a5 8. Nc3
Re8 9. d3 d4 10. Nb1 e5 11. e3 c5 12. Na3 Nc6 13. Nc2 Bd7 14. exd4 exd4 15. Qd2
Qb6 16. Rfe1 h6 17. Rxe8+ Nxe8 18. Rb1 Nc7 19. Bc1 Nb4 20. Nce1 Ne6 21. a3 Na6
22. Nc2 Ba4 23. Na1 Bc6 24. Nc2 Qc7 25. Qd1 b6 26. Bd2 1/2-1/2

[Event "Sparkassen-Open A"]
[Site "Heusenstamm, Martinsee"]
[Date "2017.11.26"]
[Round "6.50"]
[White "Altenbernd, Jannis-Domenik"]
[Black "Edel, Thomas"]
[Result "0-1"]
[WhiteElo "1958"]
[BlackElo "2104"]
[PlyCount "70"]
[EventDate "2017.??.??"]
[WhiteTeam "SG Bünde"]
[BlackTeam "SF Hannover"]

1. c4 e5 2. Nc3 Bb4 3. g3 Bxc3 4. bxc3 d6 5. Bg2 Nf6 6. d3 h6 7. Nf3 O-O 8. Nd2
c5 9. Rb1 Nc6 10. Nf1 Qc7 11. Ne3 Bd7 12. O-O Rab8 13. Nd5 Nxd5 14. cxd5 Ne7
15. c4 b5 16. Bd2 bxc4 17. dxc4 Rxb1 18. Qxb1 Rb8 19. Qc2 Qb6 20. Bc1 Qb1 21.
Qxb1 Rxb1 22. Ba3 Rb6 23. Rc1 Nc8 24. e4 Ra6 25. Rc3 Nb6 26. Bf1 Ra4 27. f4 f6
28. fxe5 fxe5 29. Be2 Bc8 30. h4 g6 31. Bf1 Kg7 32. Kh1 Ba6 33. Bh3 Bxc4 34.
Be6 Be2 35. Re3 Rxe4 0-1

[Event "Sparkassen-Open A"]
[Site "Heusenstamm, Martinsee"]
[Date "2017.11.26"]
[Round "6.51"]
[White "Junker, Christian"]
[Black "Mueller, Werner"]
[Result "1-0"]
[WhiteElo "1952"]
[BlackElo "2103"]
[PlyCount "93"]
[EventDate "2017.??.??"]
[WhiteTeam "SV Neu-Isenburg"]
[BlackTeam "SK Göggingen"]

1. Nf3 Nf6 2. g3 g6 3. d3 Bg7 4. Bg2 d6 5. e4 c5 6. O-O Nc6 7. Re1 O-O 8. c3 e5
9. a4 h6 10. Na3 Rb8 11. Nc4 a6 12. a5 Be6 13. Nfd2 Qc7 14. Qa4 Rbd8 15. h3 Ne8
16. Nb6 f5 17. Nd5 Qf7 18. Rf1 f4 19. g4 h5 20. g5 h4 21. Qd1 Nc7 22. c4 Nd4
23. Nf3 Nxd5 24. cxd5 Bc8 25. Kh2 Qe7 26. Rg1 Qd7 27. Nxd4 exd4 28. f3 Be5 29.
Bf1 Kg7 30. Bd2 Rh8 31. Rc1 Rh5 32. Qe2 Qe7 33. Qg2 Bd7 34. Be1 Rb8 35. b4 Rhh8
36. bxc5 dxc5 37. Rb1 Bb5 38. Qd2 Rbc8 39. Rc1 Rc7 40. Rc2 Bd6 41. Qc1 Rh5 42.
Rcg2 Qe5 43. Bd2 Rh8 44. Rg4 Bd7 45. Bxf4 Qe7 46. Bxd6 Qxd6+ 47. Qf4 1-0

[Event "Sparkassen-Open A"]
[Site "Heusenstamm, Martinsee"]
[Date "2017.11.26"]
[Round "6.52"]
[White "Rondonuwu, Grover"]
[Black "Zweschper, Erich"]
[Result "1-0"]
[WhiteElo "2098"]
[BlackElo "1982"]
[PlyCount "81"]
[EventDate "2017.??.??"]
[WhiteTeam "Frankfurter TV"]
[BlackTeam "SV Kelsterbach"]

1. d4 Nf6 2. Nf3 g6 3. c4 Bg7 4. Nc3 d6 5. Bf4 Nbd7 6. h3 c6 7. e3 O-O 8. Be2
Qe8 9. O-O e5 10. Bh2 Qe7 11. b4 Ne8 12. b5 Nc7 13. Rb1 f5 14. bxc6 bxc6 15.
Qa4 c5 16. dxe5 dxe5 17. Rfd1 Nb6 18. Qc2 f4 19. Nd5 Ncxd5 20. cxd5 e4 21. Ne1
fxe3 22. fxe3 Qf7 23. Bg3 Bh6 24. Qxc5 Bd7 25. Qd4 Rac8 26. Ba6 Bg7 27. Qxe4
Rce8 28. Qf3 Qe7 29. Qe2 Bh6 30. Nc2 Bf5 31. d6 Qf6 32. Bd3 Be6 33. e4 Bxa2 34.
Ra1 Be6 35. Rxa7 Qg5 36. Kh2 Nd7 37. Nd4 Ne5 38. Nxe6 Rxe6 39. Bc4 Qxg3+ 40.
Kxg3 Bf4+ 41. Kh4 1-0

[Event "Sparkassen-Open A"]
[Site "Heusenstamm, Martinsee"]
[Date "2017.11.26"]
[Round "6.53"]
[White "Karimi, Farhad"]
[Black "Schindelmeiser, Frank"]
[Result "1-0"]
[WhiteElo "2097"]
[BlackElo "1944"]
[PlyCount "99"]
[EventDate "2017.??.??"]
[WhiteTeam "Satranç Club"]
[BlackTeam "SV Oberursel"]

1. e4 c5 2. Nf3 g6 3. c4 Nc6 4. d4 cxd4 5. Nxd4 d6 6. Nc3 Nf6 7. Be2 Nxd4 8.
Qxd4 Bg7 9. Qd2 O-O 10. O-O Bd7 11. Rb1 a5 12. b3 Bc6 13. f3 Nd7 14. Kh1 Nc5
15. Bb2 f5 16. exf5 Rxf5 17. Nd1 Qf8 18. Bxg7 Qxg7 19. Ne3 Qh6 20. Rbd1 Rh5 21.
Ng4 Qxd2 22. Rxd2 Rf8 23. Re1 Rf4 24. Kg1 Kf8 25. Bd1 b5 26. g3 Rf7 27. f4 Ne4
28. Rxe4 Bxe4 29. Nf2 Bb7 30. Bxh5 gxh5 31. cxb5 Rf5 32. a4 Rc5 33. Nd3 Rc3 34.
b4 axb4 35. Nxb4 Rc4 36. Rb2 h4 37. a5 hxg3 38. hxg3 Rc5 39. Nd3 Rf5 40. Nf2
Ke8 41. a6 Bxa6 42. bxa6 Ra5 43. Rb8+ Kd7 44. Ra8 Ra3 45. Kg2 d5 46. a7 h5 47.
Nd3 Kc6 48. Nb4+ Kb7 49. Rb8+ Kxa7 50. Nc6+ 1-0

[Event "Sparkassen-Open A"]
[Site "Heusenstamm, Martinsee"]
[Date "2017.11.26"]
[Round "6.54"]
[White "Köllner, Aaron Noah"]
[Black "Thomas, Ingo"]
[Result "0-1"]
[WhiteElo "1935"]
[BlackElo "2095"]
[PlyCount "54"]
[EventDate "2017.??.??"]
[WhiteTeam "SV Bergneustadt/Derschlag"]
[BlackTeam "Krefelder SK Turm"]

1. d4 d5 2. Bf4 c6 3. c3 Bf5 4. Nd2 e6 5. Ngf3 Bd6 6. Bg3 Nf6 7. Qb3 b6 8. e3
O-O 9. Be2 Bxg3 10. hxg3 c5 11. Nh4 Bg6 12. Nxg6 hxg6 13. dxc5 bxc5 14. Qa4 Re8
15. Qh4 Kf8 16. O-O-O Nc6 17. e4 Rb8 18. exd5 exd5 19. Bf3 Ne5 20. Nf1 Qb6 21.
b3 Qa5 22. Kb2 Nc4+ 23. Kc2 Qxa2+ 24. Kd3 Ne5+ 25. Ke3 Nxf3+ 26. Kxf3 Qe2+ 27.
Kf4 Qe4+ 0-1

[Event "Sparkassen-Open A"]
[Site "Heusenstamm, Martinsee"]
[Date "2017.11.26"]
[Round "6.55"]
[White "Hochmuth, Christian"]
[Black "Neininger, Ralph"]
[Result "1/2-1/2"]
[WhiteElo "1911"]
[BlackElo "2069"]
[PlyCount "180"]
[EventDate "2017.??.??"]
[WhiteTeam "SG Wächtersbach"]
[BlackTeam "Frankfurter TV"]

1. c4 e5 2. Nc3 Nf6 3. Nf3 Nc6 4. g3 d5 5. cxd5 Nxd5 6. Bg2 Be6 7. d3 Be7 8.
O-O O-O 9. Bd2 Qd7 10. a3 f6 11. Rc1 Nxc3 12. Bxc3 Bd5 13. Nd2 Bxg2 14. Kxg2
Qd5+ 15. Kg1 Nd8 16. Qb3 Qxb3 17. Nxb3 Ne6 18. Na5 Rab8 19. b4 Rfd8 20. Rfd1
Rd7 21. Kf1 a6 22. Rd2 c5 23. Rdc2 Rc7 24. bxc5 Bxc5 25. Bb4 Rbc8 26. Bxc5 Rxc5
27. Rxc5 Rxc5 28. Rxc5 Nxc5 29. Ke1 Kf7 30. Kd2 Ke6 31. Kc3 h5 32. Kb4 b6 33.
Nc4 Nd7 34. Ne3 g6 35. Kc4 Kd6 36. Nc2 Nc5 37. Kc3 a5 38. e3 b5 39. Ne1 Kd5 40.
f3 f5 41. h3 Ne6 42. h4 Kc5 43. Nc2 Kc6 44. Ne1 Kd5 45. Nc2 e4 46. Ne1 Nc5 47.
fxe4+ fxe4 48. d4 Na4+ 49. Kb3 Nb6 50. Ng2 Nc4 51. Nf4+ Kc6 52. Nxg6 Nxe3 53.
Nf4 Nf5 54. Nxh5 Nxd4+ 55. Kc3 Nf5 56. Nf4 Nxg3 57. Kd4 Nf5+ 58. Kxe4 Nxh4 59.
Kd4 Nf5+ 60. Kc3 Ne7 61. Kd4 Nf5+ 62. Kc3 Kc5 63. Ne6+ Kd6 64. Nf4 Ne7 65. Kd4
Nc6+ 66. Kc3 Ke5 67. Nd3+ Kd5 68. Nf4+ Ke4 69. Nd3 Ne5 70. Nf2+ Kd5 71. Kb3 Kd4
72. Nd1 Nd3 73. Nc3 Nc5+ 74. Kc2 Kc4 75. Nd1 Kd4 76. Nc3 Kc4 77. Nd1 b4 78.
axb4 axb4 79. Ne3+ Kd4 80. Nf5+ Ke4 81. Nd6+ Ke5 82. Nb7 Kd4 83. Nxc5 Kxc5 84.
Kb2 Kc4 85. Kc2 b3+ 86. Kb1 Kb4 87. Kb2 Ka4 88. Kb1 Ka3 89. Ka1 b2+ 90. Kb1 Kb3
1/2-1/2

[Event "Sparkassen-Open A"]
[Site "Heusenstamm, Martinsee"]
[Date "2017.11.26"]
[Round "6.56"]
[White "Iliev, Mustafa Batuhan"]
[Black "Kuznetsov, Volodymyr"]
[Result "0-1"]
[WhiteElo "1808"]
[BlackElo "2088"]
[PlyCount "88"]
[EventDate "2017.??.??"]
[WhiteTeam "SV Großauheim"]
[BlackTeam "SG Idstein"]

1. e4 d6 2. d4 Nf6 3. Nc3 g6 4. Be3 Nbd7 5. Qd2 Ng4 6. Bg5 h6 7. Bh4 Bg7 8. Be2
Nb6 9. Nf3 c6 10. O-O Qc7 11. h3 Nf6 12. e5 Nfd5 13. exd6 exd6 14. Nxd5 Nxd5
15. Bd3 O-O 16. c4 Nb6 17. c5 dxc5 18. dxc5 Nd5 19. Bg3 Qd8 20. Bd6 Re8 21.
Rfe1 Be6 22. Ne5 Qf6 23. Nc4 Rad8 24. Be5 Qg5 25. Qxg5 hxg5 26. Nd6 Re7 27.
Rad1 b6 28. Nc4 Nb4 29. Bxg7 Kxg7 30. Bf1 Rxd1 31. Rxd1 bxc5 32. a3 Nc2 33. Rd6
Bd5 34. Na5 Nd4 35. b4 cxb4 36. axb4 Re1 37. Nxc6 Bxc6 38. Rxd4 Bb5 39. Kh2
Rxf1 40. Kg3 f5 41. h4 gxh4+ 42. Rxh4 Rb1 43. Rd4 Rb3+ 44. Kf4 Rd3 0-1

[Event "Sparkassen-Open A"]
[Site "Heusenstamm, Martinsee"]
[Date "2017.11.26"]
[Round "6.58"]
[White "Cichy, Michael"]
[Black "Herlan, Klaus-Jürgen"]
[Result "1/2-1/2"]
[WhiteElo "2078"]
[BlackElo "1931"]
[PlyCount "56"]
[EventDate "2017.??.??"]
[WhiteTeam "SC BS Gliesmarode"]
[BlackTeam "SK Marmstorf"]

1. d4 d5 2. Nf3 Nf6 3. c4 c6 4. Qc2 a6 5. Nc3 dxc4 6. a4 Nd5 7. e4 Nxc3 8. bxc3
b5 9. Ba3 g6 10. Be2 Bg7 11. O-O Bb7 12. Rfd1 O-O 13. Qb2 Re8 14. Bxc4 e6 15.
Be2 Qc8 16. e5 Nd7 17. Rdb1 Ra7 18. Bd6 Qa8 19. Ne1 bxa4 20. Rxa4 c5 21. Qa3
cxd4 22. cxd4 Bf8 23. Bxf8 Nxf8 24. Ra1 Rd8 25. h3 Kg7 26. Bf3 Qc8 27. Rc1 Qd7
28. Ra1 Qc8 1/2-1/2

[Event "Sparkassen-Open A"]
[Site "Heusenstamm, Martinsee"]
[Date "2017.11.26"]
[Round "6.59"]
[White "Rieger, Mario"]
[Black "Schnelting, Michael"]
[Result "1/2-1/2"]
[WhiteElo "1897"]
[BlackElo "2075"]
[PlyCount "66"]
[EventDate "2017.??.??"]
[WhiteTeam "MS Halver-Schalksmühle"]
[BlackTeam "SK Werne"]

1. d4 d6 2. c4 e5 3. dxe5 dxe5 4. Qxd8+ Kxd8 5. e4 Be6 6. Nc3 c6 7. Nf3 f6 8.
Be3 Nd7 9. Be2 a5 10. O-O Bc5 11. Bxc5 Nxc5 12. Rfd1+ Ke7 13. Ne1 Nh6 14. h3
Nf7 15. b3 Nd6 16. f3 b6 17. Nd3 Ndb7 18. Nxc5 Nxc5 19. Rd2 Rhd8 20. Rad1 Bf7
21. Rxd8 Rxd8 22. Rxd8 Kxd8 23. Kf2 Kc7 24. Ke3 Ne6 25. g3 Be8 26. f4 exf4+ 27.
gxf4 g5 28. fxg5 fxg5 29. e5 Nf4 30. Bg4 Bd7 31. Ne4 h6 32. Nf6 Bxg4 33. hxg4
Ng6 1/2-1/2

[Event "Sparkassen-Open A"]
[Site "Heusenstamm, Martinsee"]
[Date "2017.11.26"]
[Round "6.60"]
[White "Marchese, Andrea"]
[Black "Weiss, Matthias"]
[Result "0-1"]
[WhiteElo "1861"]
[BlackElo "2063"]
[PlyCount "108"]
[EventDate "2017.??.??"]
[WhiteTeam "SC Matt im Park"]
[BlackTeam "SF Schöneck"]

1. d4 Nf6 2. c4 c5 3. d5 b5 4. cxb5 a6 5. b6 Qxb6 6. Nc3 Bb7 7. e4 e6 8. Bc4
Nxe4 9. Nxe4 Qb4+ 10. Nd2 exd5 11. a3 Qb6 12. Qe2+ Be7 13. Bd3 Nc6 14. Ngf3 O-O
15. O-O Bf6 16. Re1 c4 17. Bc2 g6 18. Rb1 Rfe8 19. Qd1 Qc5 20. Rxe8+ Rxe8 21.
Nf1 d4 22. Ng3 d3 23. Bxd3 cxd3 24. Qxd3 Nd4 25. Be3 Nxf3+ 26. gxf3 Qe7 27. Ne4
Bxe4 28. Qxe4 Qxe4 29. fxe4 Rxe4 30. b4 Bd4 31. Bxd4 Rxd4 32. a4 Rd6 33. Kg2
Kf8 34. Kf3 Ke7 35. Re1+ Kd8 36. Re4 Rf6+ 37. Ke3 Re6 38. Kd4 Rxe4+ 39. Kxe4
Kc7 40. Kd5 g5 41. b5 axb5 42. axb5 g4 43. b6+ Kxb6 44. Kd6 Kb5 45. Kxd7 Kc4
46. Ke7 Kd4 47. Kf6 Ke4 48. Kg5 f5 49. Kf6 f4 50. Kg5 Kf3 51. Kf5 h6 52. Ke5 h5
53. Kf5 h4 54. Kg5 g3 0-1

[Event "Sparkassen-Open A"]
[Site "Heusenstamm, Martinsee"]
[Date "2017.11.26"]
[Round "6.61"]
[White "Grund, Sebastian"]
[Black "Pauls, Wilhelm"]
[Result "1-0"]
[WhiteElo "1799"]
[BlackElo "2054"]
[PlyCount "59"]
[EventDate "2017.??.??"]
[WhiteTeam "MTV Saalfeld"]
[BlackTeam "SG Kaarst"]

1. d4 Nf6 2. Nf3 g6 3. c4 Bg7 4. g3 O-O 5. Bg2 d6 6. O-O Nc6 7. Nc3 a6 8. b3
Rb8 9. e3 b5 10. cxb5 axb5 11. Bb2 b4 12. Ne2 Na5 13. a3 Be6 14. Nc1 bxa3 15.
Rxa3 c6 16. Ng5 Bd7 17. Nd3 Rb5 18. Ne4 Qb6 19. Nd2 Be6 20. b4 Nc4 21. Nxc4
Bxc4 22. Rc3 d5 23. Qc2 Ra8 24. Ba3 e6 25. Re1 Bxd3 26. Qxd3 Rc8 27. Qc2 Bf8
28. Bf1 Bxb4 29. Rb3 Rb8 30. Bxb5 1-0

[Event "Sparkassen-Open A"]
[Site "Heusenstamm, Martinsee"]
[Date "2017.11.26"]
[Round "6.62"]
[White "Degenhardt, Andreas"]
[Black "Mischke, Gabriel"]
[Result "0-1"]
[WhiteElo "1775"]
[BlackElo "2049"]
[PlyCount "68"]
[EventDate "2017.??.??"]
[WhiteTeam "SC Lorsch"]
[BlackTeam "TSV Schott Mainz"]

1. d4 d5 2. Nf3 Nf6 3. Nbd2 Bf5 4. c4 e6 5. Nh4 Bg4 6. h3 Bh5 7. g4 Bg6 8. Nxg6
hxg6 9. Bg2 Nc6 10. e3 g5 11. a3 Qd7 12. Qc2 a5 13. b3 e5 14. cxd5 Nxd5 15. Qc4
Nb6 16. Bxc6 bxc6 17. Qc3 Qd5 18. f3 exd4 19. Qxd4 Bc5 20. Qc3 O-O-O 21. Kf2
Rde8 22. Nf1 Bd6 23. Qc2 g6 24. Bb2 Be5 25. Rd1 Qb5 26. a4 Qb4 27. Bxe5 Rxe5
28. Rd4 Rc5 29. Qd1 Qa3 30. Ng3 Rc3 31. Rd3 Qb2+ 32. Ne2 Rc2 33. Ke1 Nd5 34.
Nd4 Rc1 0-1

[Event "Sparkassen-Open A"]
[Site "Heusenstamm, Martinsee"]
[Date "2017.11.26"]
[Round "6.63"]
[White "Bayer, Martin"]
[Black "Lesny, Florian"]
[Result "1/2-1/2"]
[WhiteElo "1760"]
[BlackElo "2041"]
[PlyCount "46"]
[EventDate "2017.??.??"]
[WhiteTeam "SK Gründau"]
[BlackTeam "SK Niederbrechen"]

1. d4 d5 2. Nf3 Nf6 3. Bf4 e6 4. e3 c5 5. c3 Nc6 6. Be2 Bd6 7. Bxd6 Qxd6 8.
Nbd2 O-O 9. O-O b6 10. Re1 Bb7 11. Bd3 e5 12. dxe5 Nxe5 13. Nxe5 Qxe5 14. Nf3
Qe7 15. Qc2 Rad8 16. Rad1 Rfe8 17. Bb5 Nd7 18. Qf5 a6 19. Bd3 g6 20. Qf4 Ne5
21. Nxe5 Qxe5 22. Qxe5 Rxe5 23. Re2 Re7 1/2-1/2

[Event "Sparkassen-Open A"]
[Site "Heusenstamm, Martinsee"]
[Date "2017.11.26"]
[Round "6.64"]
[White "Niedenthal, Robert"]
[Black "Kuhn, Gerhard"]
[Result "0-1"]
[WhiteElo "1717"]
[BlackElo "2035"]
[PlyCount "66"]
[EventDate "2017.??.??"]
[WhiteTeam "SV Hofheim"]
[BlackTeam "SK Marburg"]

1. c4 f5 2. d3 Nf6 3. g3 g6 4. Bg2 Bg7 5. Nc3 O-O 6. Nh3 d6 7. O-O c6 8. d4 e5
9. dxe5 dxe5 10. Qb3 Kh8 11. Bg5 h6 12. Rad1 Qe7 13. Bc1 Na6 14. Qc2 Be6 15. b3
Kh7 16. e3 g5 17. Kh1 Kg8 18. f4 g4 19. Ng1 e4 20. Nge2 Nb4 21. Qb1 Nd3 22. Nd4
Rfd8 23. Kg1 Ne8 24. Nce2 Nc7 25. a3 Rd7 26. Qc2 Rad8 27. Nxe6 Nxe6 28. b4 c5
29. Nc3 Nc7 30. b5 Qe6 31. Nd5 Nxd5 32. Rxd3 exd3 33. Qxd3 Nxf4 0-1

[Event "Sparkassen-Open A"]
[Site "Heusenstamm, Martinsee"]
[Date "2017.11.26"]
[Round "6.65"]
[White "Felten, Maximilian"]
[Black "Werner, Dimo"]
[Result "1-0"]
[WhiteElo "1675"]
[BlackElo "2031"]
[PlyCount "81"]
[EventDate "2017.??.??"]
[WhiteTeam "SG Trier"]
[BlackTeam "TSV Schott Mainz"]

1. d4 Nf6 2. Nf3 g6 3. c4 Bg7 4. Nc3 O-O 5. e4 d6 6. Bd3 Bg4 7. Be3 Nc6 8. a3
e5 9. d5 Nd4 10. Be2 Bxf3 11. Bxf3 Re8 12. O-O c5 13. g3 Nxf3+ 14. Qxf3 Qd7 15.
Bg5 Qd8 16. Nb5 a6 17. Nc7 Qxc7 18. Bxf6 Bxf6 19. Qxf6 Qe7 20. Qxe7 Rxe7 21. b4
Rc7 22. b5 axb5 23. cxb5 Ra4 24. f3 b6 25. Rfb1 Rca7 26. Rb3 f5 27. Re3 fxe4
28. Rxe4 Kf7 29. Rxa4 Rxa4 30. Kf2 Rd4 31. a4 Rxd5 32. a5 bxa5 33. Rb1 c4 34.
b6 c3 35. b7 c2 36. b8=Q cxb1=Q 37. Qxb1 Rc5 38. Ke3 Ke6 39. Qb3+ Kf6 40. Qb8
Ke6 41. Qg8+ 1-0

[Event "Sparkassen-Open A"]
[Site "Heusenstamm, Martinsee"]
[Date "2017.11.26"]
[Round "6.66"]
[White "Rettig, Helge"]
[Black "Kammerer, Utz"]
[Result "1-0"]
[WhiteElo "2005"]
[BlackElo "1719"]
[PlyCount "47"]
[EventDate "2017.??.??"]
[WhiteTeam "SF Verl"]
[BlackTeam "Heilbronner SV"]

1. d4 d5 2. c4 c6 3. Nf3 Nf6 4. Nc3 e6 5. cxd5 exd5 6. Bg5 Be7 7. Qc2 h6 8. Bh4
Nbd7 9. e3 Nb6 10. Bd3 Bg4 11. Ne5 Be6 12. O-O g5 13. Bg3 Nh5 14. Ne2 Nxg3 15.
Nxg3 Qc7 16. Bf5 Bd6 17. Bxe6 Bxe5 18. Bxf7+ Qxf7 19. dxe5 O-O-O 20. Qf5+ Qxf5
21. Nxf5 Nc4 22. f4 gxf4 23. exf4 Rdf8 24. Ne7+ 1-0

[Event "Sparkassen-Open A"]
[Site "Heusenstamm, Martinsee"]
[Date "2017.11.26"]
[Round "6.67"]
[White "Wolff, Peter"]
[Black "Klings, Peter"]
[Result "0-1"]
[WhiteElo "1906"]
[BlackElo "2145"]
[PlyCount "66"]
[EventDate "2017.??.??"]
[WhiteTeam "VSG Offenbach"]
[BlackTeam "Freibauer Mörlenbach"]

1. c4 b6 2. Nc3 Bb7 3. e4 c5 4. g3 Nc6 5. Bg2 g6 6. Nge2 Bg7 7. O-O d6 8. d3 e6
9. Be3 Nd4 10. Qd2 h6 11. Bxd4 cxd4 12. Nb5 e5 13. f4 a6 14. Na3 Nf6 15. Nc2 a5
16. b4 h5 17. a3 Ra7 18. Qc1 h4 19. Qb2 Nd7 20. f5 hxg3 21. hxg3 Qg5 22. fxg6
fxg6 23. Rf3 Bc8 24. Raf1 a4 25. c5 b5 26. Qa2 Nf6 27. Nexd4 exd4 28. Nxd4 Ng4
29. Ne6 Qh5 30. Nxg7+ Rxg7 31. Rc1 Qh2+ 32. Kf1 Qh1+ 33. Bxh1 Rxh1+ 0-1

[Event "Sparkassen-Open A"]
[Site "Heusenstamm, Martinsee"]
[Date "2017.11.26"]
[Round "6.68"]
[White "Thomele, Michael"]
[Black "Rosenberger, Frank"]
[Result "0-1"]
[WhiteElo "1901"]
[BlackElo "2141"]
[PlyCount "76"]
[EventDate "2017.??.??"]
[WhiteTeam "SC Obernau"]
[BlackTeam "SK Gernsheim"]

1. e4 d5 2. exd5 Qxd5 3. Nc3 Qd6 4. Nge2 c6 5. d4 Bf5 6. Bf4 Qd8 7. Ng3 Bg6 8.
h4 h6 9. Bd3 Bxd3 10. Qxd3 Nf6 11. Bxb8 Rxb8 12. O-O-O e6 13. Rhe1 Be7 14. f4
O-O 15. f5 Nd5 16. fxe6 Bxh4 17. Nxd5 cxd5 18. Kb1 Qg5 19. exf7+ Rxf7 20. Re3
Rbf8 21. a3 Qg4 22. Ne2 Qxg2 23. Nc3 Rf1 24. Rxf1 Qxf1+ 25. Qxf1 Rxf1+ 26. Ka2
Bf6 27. Nxd5 Bxd4 28. Rd3 Bf6 29. b4 h5 30. c4 h4 31. c5 Be5 32. Kb3 g5 33. Re3
Bf6 34. b5 Rb1+ 35. Kc4 Rc1+ 36. Nc3 Bxc3 37. Rxc3 Rxc3+ 38. Kxc3 Kf7 0-1

[Event "Sparkassen-Open A"]
[Site "Heusenstamm, Martinsee"]
[Date "2017.11.26"]
[Round "6.69"]
[White "Hinrichs, Hans-Uwe"]
[Black "Marchese, Gaspare"]
[Result "0-1"]
[WhiteElo "2123"]
[BlackElo "1899"]
[PlyCount "88"]
[EventDate "2017.??.??"]
[WhiteTeam "SK Bingen"]
[BlackTeam "SC Matt im Park"]

1. e4 e6 2. Nf3 d5 3. e5 c5 4. b4 cxb4 5. a3 d4 6. Bb2 Nc6 7. Bb5 Bc5 8. axb4
Bb6 9. Bxc6+ bxc6 10. Qe2 Ne7 11. Na3 d3 12. cxd3 Nd5 13. Qe4 O-O 14. O-O Ba6
15. Rfc1 Bb5 16. Nc4 Bc7 17. Bc3 h6 18. Nd4 Qd7 19. Re1 Rfd8 20. Na5 Bb6 21.
Nxb5 cxb5 22. d4 Rdc8 23. Rec1 Bxa5 24. Rxa5 Rc7 25. Qd3 Nxb4 26. Qxb5 Qxb5 27.
Rxb5 Nd5 28. Kf1 Rac8 29. Rb3 Kh7 30. Ke2 g5 31. g3 Kg6 32. f3 Kf5 33. Kd3 Kg6
34. Ra1 Kf5 35. Ra6 Kg6 36. Bb2 Rd7 37. Ba3 h5 38. Bd6 Ne7 39. Rc3 Ra8 40. Rc7
Rxc7 41. Bxc7 Nd5 42. Bd6 Rc8 43. Bc5 Rxc5 44. Rxa7 Rc1 0-1